Les artistes que t'as déjà entendu obligatoirement - Statistiques

Statistiques générales
  • Ce quiz a été pris 133 fois
  • Le résultat moyen est 10 sur 50
Statistiques - réponses
Artiste % Correct
Jul
56%
Rihanna
53%
Michael Jackson
51%
Beyoncé
50%
Gims
46%
Ariana Grande
38%
Taylor Swift
38%
Lady Gaga
36%
Eminem
31%
Drake
30%
Justin Bieber
30%
Aya Nakamura
29%
Céline Dion
28%
Madonna
28%
Queen
28%
Shakira
26%
Johnny Hallyday
24%
Katy Perry
24%
Bruno Mars
22%
Stromae
20%
The Weeknd
20%
Nirvana
19%
AC/DC
18%
Adele
18%
Coldplay
18%
2pac
17%
Billie Eilish
17%
Dua Lipa
17%
Edith Piaf
17%
Ed Sheeran
16%
Travis Scott
16%
Nicki Minaj
15%
Selena Gomez
15%
50 Cent
14%
Mariah Carey
13%
Cardi B
11%
Kanye West
11%
Whitney Houston
11%
BTS
10%
Bob Marley
9%
Maroon 5
8%
Imagine Dragons
7%
Chris Brown
5%
Central Cee
4%
Linkin Park
4%
Sam Smith
4%
Snoop Dogg
4%
Alicia Keys
3%
Post Malone
3%
Doja Cat
2%
Aucun quiz correspondant
Distribution des résultats
% des personnes avec chaque résultat
Percentile par nombre de réponses
Votre historique - résultats
Vous n’avez pas pris ce quiz